| 000 | 00401nam a22001577a 4500 | ||
|---|---|---|---|
| 020 | _a9788120311350 | ||
| 082 | _a621.3815 HOR | ||
| 100 | _aHorenstein, Mark N. | ||
| 245 | _aMicroelectronic circuits and devices | ||
| 250 | _a2nd ed. | ||
| 260 |
_aNew Delhi, India _bPHI Learning _c1996 |
||
| 300 |
_axxiv, 1126 p. _bill. ; |
||
| 500 | _aIncludes index. | ||
| 650 | _aMicroelectronics. | ||
| 942 | _cBK | ||
| 999 |
_c12416 _d12416 |
||